Thơ và dân ca tình yêu dân tộc Thái Mường So

Những bài thơ và dân ca có phiên âm tiếng Thái và phần dịch nghĩa.

Guardat en:
Dades bibliogràfiques
Autor corporatiu: Hội văn nghệ dân gian Việt Nam
Format: Llibre
Idioma:Undetermined
Publicat: Hà Nội Khoa học - Xã hội 2015
Matèries:
Etiquetes: Afegir etiqueta
Sense etiquetes, Sigues el primer a etiquetar aquest registre!
Thư viện lưu trữ: Trung tâm Học liệu Trường Đại học Cần Thơ
LEADER 00848nam a2200205Ia 4500
001 CTU_209363
008 210402s9999 xx 000 0 und d
082 |a 895.9221009 
082 |b H452 
110 |a Hội văn nghệ dân gian Việt Nam 
245 0 |a Thơ và dân ca tình yêu dân tộc Thái Mường So 
245 0 |c Hà Mạnh Phong, Đỗ Thị Tấc (Sưu tầm, biên dịch) 
260 |a Hà Nội 
260 |b Khoa học - Xã hội 
260 |c 2015 
520 |a Những bài thơ và dân ca có phiên âm tiếng Thái và phần dịch nghĩa. 
650 |a Vietnamese poetry,Thơ Việt Nam 
650 |x History and criticism,Lịch sử và phê bình 
904 |i Nguyễn Ngọc Quý,Hải 
980 |a Trung tâm Học liệu Trường Đại học Cần Thơ